| 000 | 00665cam a22002057a 4500 | ||
|---|---|---|---|
| 003 | MX-MxUPN | ||
| 005 | 20250610091158.0 | ||
| 008 | 250609s1996 au| |||fr|||| 000 0 eng d | ||
| 040 |
_aMX-MxUPN _bspa |
||
| 041 | 0 | _aeng | |
| 050 | 4 |
_aHD5706 _bC65 1996 |
|
| 245 | 0 | 0 | _aCollaborative labour market policy studies for the APEC region |
| 260 |
_aSidney, Australia : _bAsia-Pacific Research Institute, _bMacquarie University , _c1996 |
||
| 300 | _a326 páginas | ||
| 490 | 0 |
_aAPEC -HRD -NEDM project report ; _v96 |
|
| 650 | 4 |
_aMercado laboral _99469 |
|
| 700 | 1 |
_aBraddock, Richard _956900 _eedición |
|
| 902 | _bVíctorGodínez/100625 | ||
| 942 |
_2lcc _cLIBRO |
||
| 999 |
_c213464 _d213464 |
||